000 00390ntaaa2200169 4500
003 01
005 20251027202501.0
008 0714s1973 ag 01
040 _aAR-BaBN
_bspa
_cAR-BaBN
_eaacr
_dRIC
082 _a220.4400
245 _aRabbinic Bible
250 _a1 ed.
260 _as/d :
_bHorebeda Publishing,
_c1950
300 _as/d
650 _aBiblia Rabinica
_923753
942 _cBK
999 _c19849
_d19849